Statistics for Can you name every castaway from survivor? (Part 1)

Click here to take the quiz!

General Stats

  • This quiz has been taken 100 times
  • The average score is 335 of 500

Answer Stats

HintAnswer% Correct
Kristina Kell
97%
Richard Hatch
97%
Rob Mariano
96%
Tom Buchanan
96%
Tom Westman
96%
Robb Zbacnik
95%
Rob Cesternino
95%
Robert DeCanio
95%
Rob Mariano
95%
Tina Wesson
95%
Edna Ma
93%
Kel Gleason
93%
Sandra Diaz-Twine
93%
Survivor: PanamaTina Scheer
93%
John Carroll
92%
John Cochran
92%
John Cody
92%
John Fincher
92%
John Kenney
92%
Survivor: ThailandJohn Raymond
92%
Kelly Bruno
92%
Kelly Czarnecki
92%
Kelly Goldsmith
92%
Kelly Sharbaugh
92%
Kelly Shinn
92%
Kelly Wiglesworth
92%
Kim Johnson
92%
Amber Brkich
90%
Dan Barry
90%
Stephenie LaGrossa
90%
Susan Hawk
90%
Ben "Coach" Wade
89%
Candice Cody
89%
Dan Kay
89%
Dan Lembo
89%
Ethan Zohn
89%
Jenn Lyon
89%
Jerri Manthey
89%
Kat Endorsson
89%
Kim Mullen
89%
Kim Powers
89%
Kim Spradlin
89%
Liz Kim
89%
Michael Skupin
89%
Natalie White
89%
Candice Woodcock
88%
Chris Daugherty
88%
Gervase Peterson
88%
James Clement
88%
James Miller
88%
Lex van den Berghe
88%
Natalie Bolton
88%
Natalie Tenerelli
88%
Ozzy Lusth
88%
Parvati Shallow
88%
Rudy Boesch
88%
Rupert Boneham
88%
Tyson Apostol
88%
Ben "Coach" Wade
86%
Jon Dalton
86%
JT Tomas
86%
Neleh Dennis
86%
Yul Kwon
86%
Colby Donaldson
85%
Daniel Lue
85%
Linda Spencer
85%
Sarah Dawson
85%
Sarah Jones
85%
Stephen Fishbach
85%
Alicia Calaway
84%
Alicia Rosa
84%
Amanda Kimmel
84%
Bob Crowley
84%
Brad Culpepper
84%
Brad Virata
84%
Cirie Fields
84%
Jonathan Penner
84%
Survivor: One WorldKourtney Moon
84%
Russell Hantz
84%
Russell Swan
84%
Sarah Lacina
84%
Alex Angarita
82%
Alex Bell
82%
Brandon Quinton
82%
Christina Cha
82%
Courtney Marit
82%
Courtney Yates
82%
Danielle DiLorenzo
82%
Erik Cardona
82%
Erik Huffman
82%
Erik Reichenbach
82%
Jenna Lewis
82%
Jenna Morasca
82%
Jessica "Sugar" Kiper
82%
Michael Jefferson
82%
Michael Snow
82%
Tony Vlachos
82%
Vecepia Towery
82%
Aras Baskauskas
81%
Brian Corridan
81%
Brian Heidik
81%
Denise Martin
81%
Denise Stapley
81%
Matt Bischoff
81%
Matt Elrod
81%
Matthew von Ertfelda
81%
Matt Quinlan
81%
Mike Borassi
81%
Mike Chiesl
81%
Monica Culpepper
81%
Sean Kenniff
81%
Sean Rector
81%
Shawn Cohen
81%
Sophie Clarke
81%
Danni Boatwright
79%
Earl Cole
79%
Katie Collins
79%
Katie Gallagher
79%
Katie Hanson
79%
Monica Padilla
79%
Randy Bailey
79%
Spencer Bledsoe
79%
Spencer Duhm
79%
Brandon Bellinger
78%
Brandon Hantz
78%
Eliza Orlins
78%
Joe Dowdle
78%
Jud "Fabio" Bizra
78%
Lillian Morris
78%
Lisa Keiffer
78%
Lisa Welchel
78%
Phillip Sheppard
78%
Jeff Varner
77%
Laura Alexander
77%
Laura Boneham
77%
Laura Morett
77%
Todd Herzog
77%
Woo Hwang
77%
Alexis Jones
75%
Kathy Sleckman
75%
Kathy Vavrick-O'Brien
75%
Keith Famie
75%
Keith Tollefson
75%
Survivor GabonMichelle Chase
75%
Trish Dunn
75%
Trish Hagerty
75%
Yau-Man Chan
75%
Alexis Maxwell
74%
Ami Cusack
74%
Andrea Boehlke
74%
Bobby Mason
74%
Ciera Eastin
74%
Dreamz Herd
74%
Jeff Kent
74%
Jeff Wilson
74%
Shii Ann Huang
74%
Taj Johnson-George
74%
Tasha Fox
74%
Terry Deitz
74%
Brenda Lowe
73%
Kass McQuillen
73%
Tarzan Smith
73%
Ashlee Ashby
71%
Ashley Massaro
71%
Ashley Trainer
71%
Ashley Underwood
71%
Becky Lee
71%
Colton Cumbie
71%
David Murphy
71%
Survivor CagayanDavid Samson
71%
Erin Collins
71%
Erinn Lobdell
71%
Jeremiah Wood
71%
Malcolm Freberg
71%
Morgan McDevitt
71%
Morgan McLeod
71%
Vytas Baskauskas
71%
Adam Gentry
70%
Dawn Meehan
70%
Jefra Bland
70%
Troyzan Robertson
70%
Twila Tanner
70%
Jan Gentry
68%
Osten Taylor
68%
Stephannie Favor
68%
Sundra Oakley
68%
Andrew Savage
67%
Bill Posley
67%
Cliff Robinson
67%
Survivor: Redemption IslandFrancesca hogi
67%
Survivor: CaramoanFrancesca Hogi
67%
Greg Buis
67%
Gregg Carey
67%
Heidi Strobel
67%
Jason Siska
67%
Julie Berry
67%
Julie Wolfe
67%
Ken Hoang
67%
Ken Stafford
67%
LJ McKansas
67%
Peih-Gee Law
67%
Pete Yurkowski
67%
Shane Powers
67%
Sierra Reed
67%
Stephanie Dill
67%
Susie Smith
67%
BB Andersen
66%
Bobby Jon Drinkard
66%
Chase Rice
66%
Survivor: Australian OutbackDebb Eaton
66%
Elisabeth Filarski
66%
Michelle Tesauro
66%
Michelle Yi
66%
Survivor: AmazonRyan Aiken
66%
Ryan Opray
66%
Ryan Shoulders
66%
Sabrina Thompson
66%
Scout Cloud Lee
66%
Stephanie Valencia
66%
Dave Bell
64%
Joel Anderson
64%
J'Tia Taylor
64%
Mick Trimming
64%
Sash Lenahan
64%
Abi-Maria Gomes
63%
Albert Destrade
63%
Chelsea Meissner
63%
Colleen Haskell
63%
Corinne Kaplan
63%
Dave Johnson
63%
Hunter Ellis
63%
Joel Klug
63%
Kimmi Kappenberg
63%
Krista Klumpp
63%
Lindsey Ogle
63%
Rafe Judkins
63%
Shannon "Shambo" Waters
63%
Steve Wright
63%
Survivor: ChinaChicken Morris
62%
Dave Cruser
62%
Hayden Moss
62%
Survivor: GuatemalaJim Lynch
62%
Jim Rice
62%
Survivor: SamoaMarisa Calihan
62%
Mary Sartain
62%
Matty Whitmore
62%
Nate Gonzalez
62%
Nick Brown
62%
Nick Stanbury
62%
Rachel Foulger
62%
Survivor: BorneoSonja Christopher
62%
Burton Roberts
60%
Caleb Bankston
60%
Cassandra Franklin
60%
Crystal Cox
60%
Darrah Johnson
60%
Paschal English
60%
Sherri Biethman
60%
Billy garcia
59%
Clay Jordan
59%
Eddie Fox
59%
Garrett Adelstein
59%
Jean-Robert Bellande
59%
Judd Sergeant
59%
Stacey Powell
59%
Stacey Stillman
59%
Jay Byars
58%
Rodger Bingham
58%
Brice Johnston
56%
Christa Hastie
56%
Frosti Zernow
56%
Jaison Robinson
56%
Jamie Dugan
56%
Jamie Newton
56%
Jane Bright
56%
Survivor: PalauJonathan Libby
56%
Shamar Thomas
56%
Ami Cusack
55%
Amy O'Hara
55%
Angie Jakusz
55%
Angie Layton
55%
Ben Browning
55%
Christy Smith
55%
Jessica Smith
55%
Lea Masters
55%
Marissa Peterson
55%
Mookie Lee
55%
Teresa Cooper
55%
Debbie Beebe
53%
Holly Hoffman
53%
Jimmy Johnson
53%
NaOnka Mixon
53%
RC Saint-Amour
53%
Brett Clouser
52%
Chet Welch
52%
Cristina Coria
52%
Helen Glover
52%
Shawna Mitchell
52%
Aaron Reisberger
51%
Austin Carty
51%
Cao Boi Bui
51%
Carter Williams
51%
Jimmy Tarantino
51%
Marty Piombo
51%
Reynold Toepfer
51%
Rick Nelson
51%
Survivor PhilippinesZane Knight
51%
Butch Lockley
49%
Charlie Herschel
49%
Clarence Black
49%
Coby Archa
49%
Gary Hogeboom
49%
Gary Stritesky
49%
Survivor: FijiJessica deBen
49%
Leif Manson
49%
Lydia Morales
49%
Survivor: MarquesasPeter Harkey
49%
Whitney Duncan
49%
Bruce Kanegai
48%
Gretchen Cordy
48%
Jenny Guzon-Bae
48%
John "JP" Palyok
48%
JP Calderon
48%
Survivor: Pearl IslandsNicole Delma
48%
Ramona Gray
48%
Silas Gaither
48%
Stacy Kimball
48%
Ted Rogers Jr.
48%
Tijuana Bradley
48%
Frank Garrison
47%
Janu Tornell
47%
Mark "Papa Bear" Caruso
47%
Rocky Reid
47%
Ace Gordon
45%
Benry Henry
45%
Dirk Been
45%
Ghandia Johnson
45%
Grant Mattos
45%
Julia Landauer
45%
Leann Slaby
45%
Lindsey Richter
45%
Lisi Linares
45%
Marcus Lehman
45%
Patricia Jackson
45%
Ralph Kiser
45%
Survivor: Cook IslandsSekou Bunch
45%
Boo Bernis
44%
Brendan Synnott
44%
GC Brown
44%
Mitchell Olson
44%
Sally Schumann
44%
Wanda Shirk
44%
Zoe Zanidakis
44%
Cindy Hall
42%
Deena Bennett
42%
Gillian Larson
42%
Melinda Hyder
42%
Roxy Morris
42%
Shannon Elkins
42%
Artis Silvester
41%
Candace Smith
41%
Dana Lambert
41%
Jonas Otsuji
41%
Roger Sexton
41%
Tracy Hughes-Wolf
41%
Survivor: NicaraguaWendy DeSmidt-Kohlhoff
41%
Survivor: TocantinsCarolina Eastwood
40%
Edgardo Rivera
40%
Gabriel Cade
40%
Jake Billingsley
40%
Jerry Sims
40%
JoAnna Ward
40%
Maralyn Hershey
40%
Mikey Bortone
40%
Sherea Lloyd
40%
Survivor: AfricaDiane Ogden
38%
Erica Durousseau
38%
Hope Driskill
38%
Janet Koth
38%
Misty Giles
38%
Penny Ramsey
38%
Rebecca Borman
38%
Ruth-Marie Milliman
38%
Sarita White
38%
Caryn Groedel
37%
Christine Shields Markoski
37%
Jessie Camacho
37%
Carl Bilancione
36%
Gina Crews
36%
Ibrehem Rahman
36%
Jolanda Jones
36%
Sandy Burgin
36%
Survivor: South PacificSemhar Tadesse
36%
Tammy Leitner
36%
Willard Smith
36%
Alina Wilson
34%
Anthony Robinson
34%
Brooke Struck
34%
Survivor: VanuatuBrook Geraghty
34%
Dolly Neely
34%
Elyse Umemoto
34%
Jacquie Berg
34%
Leslie Nease
34%
Nina Acosta
34%
Allie Pohevitz
33%
Chad Crittenden
33%
Jill Behm
33%
Mia Galeotalanza
33%
Paloma Soto-Castillo
33%
Rory Freeman
33%
Sydney Wheeler
33%
Tyrone Davis
33%
Jeanne Hebert
32%
Mikayla Wingle
32%
Yasmin Giles
32%
Betsy Bolan
30%
Cecilia Mansilla
30%
Travis "Bubba" Sampson
30%
Brady Finta
29%
Jed Hildebrand
29%
Liliana Gomez
29%
Tanya Vance
29%
Rita Verreos
27%
Sylvia Kwan
27%
Yve Rojas
27%
Blake Towsley
26%
Margaret Bobonich
22%
Brianna Varela
21%

Score Distribution

Percentile by Number Answered

Percent of People with Each Score

Your Score History

You have not taken this quiz